| 000 | 00888nam a22002657a 4500 | ||
|---|---|---|---|
| 003 | DO-SdBNP | ||
| 005 | 20240510073820.0 | ||
| 007 | ta | ||
| 008 | 100812e2019 dr fr00 0 sp1 0d | ||
| 020 | _a9789945804195 | ||
| 040 |
_aDO-SdBNP _bspa _cBNPHHU |
||
| 082 | 4 |
_a243 _bA696m _222 |
|
| 100 | 1 |
_aArias de Solimán, Addys _933511 |
|
| 245 | 1 | 0 |
_aMujeres a todo terreno : _b4x4 / _cAddys Arias de Solimán ; edición al cuidado de Manolo Patrocino. |
| 260 |
_aSanto Domingo; _bBúho, _c2019 |
||
| 300 |
_a143 p. ; _c22 cm. |
||
| 500 | _aIncluye datos biográficos de la autora en la contracubierta. | ||
| 504 | _aBibliografía : p. 143 | ||
| 590 | _aInventariado, 2020 /YL | ||
| 650 | 0 |
_aVida cristiana _9668 |
|
| 650 | 4 |
_aMujeres _xAspectos sociales _961868 |
|
| 650 | 4 |
_aEducación para vida familiar _978330 |
|
| 700 | 1 |
_aPatrocino, Manolo, _d1969- _eed. _971471 |
|
| 942 |
_2ddc _cLBS1 |
||
| 999 |
_c49045 _d49045 |
||